[Event "Roncana op-B 10th"]
[Site "Santa Eulalia de Roncana"]
[Date "2016.10.08"]
[Round "3"]
[White "Bernado Lopez, Roger"]
[Black "Miralles Ferri, Salvador"]
[Result "0-1"]
[WhiteElo "1375"]
[BlackElo "1712"]
[PlyCount "80"]
[EventDate "2016.09.24"]
[EventType "swiss"]
[EventRounds "8"]
[EventCountry "ESP"]
[SourceTitle "EXT 2018"]
[Source "ChessBase"]
[SourceDate "2017.10.13"]
[SourceVersion "1"]
[SourceVersionDate "2017.10.13"]
[SourceQuality "1"]

1. e4 e5 2. Nf3 Nc6 3. Bb5 Nf6 4. d3 Be7 5. Bxc6 dxc6 6. Nbd2 Bg4 7. h3 Bh5 8. Nc4 Nd7 9. g4 Bg6 10. Ncxe5 Nxe5 11. Nxe5 Qd4 12. Nxg6 fxg6 13. c3 Qb6 14. Qe2 0-0-0 15. Be3 c5 16. d4 cxd4 17. Bxd4 Bc5 18. Bxc5 Qxc5 19. Rd1 Qg5 20. Rxd8+ Rxd8 21. Qe3 Qa5 22. a3 Qa6 23. Qe2 Qa5 24. h4 c5 25. Qc4 Qc7 26. b4 b6 27. b5 Qf4 28. Qe6+ Kb8 29. Rh3 Qc1+ 30. Ke2 Qd1+ 31. Ke3 Rd3+ 32. Kf4 Rxh3 33. Qe5+ Kc8 34. Qe6+ Qd7 35. Qg8+ Kc7 36. Qxh7 Qd2+ 37. Ke5 Qxc3+ 38. Ke6 Qf6+ 39. Kd5 Rd3+ 40. Kc4 Qc3# 0-1

[Event "Roncana op-B 10th"]
[Site "Santa Eulalia de Roncana"]
[Date "2016.09.24"]
[Round "1"]
[White "Carvajal Rodriguez, Juan"]
[Black "Miralles Ferri, Salvador"]
[Result "0-1"]
[WhiteElo "1441"]
[BlackElo "1712"]
[PlyCount "66"]
[EventDate "2016.09.24"]
[EventType "swiss"]
[EventRounds "8"]
[EventCountry "ESP"]
[SourceTitle "EXT 2018"]
[Source "ChessBase"]
[SourceDate "2017.10.13"]
[SourceVersion "1"]
[SourceVersionDate "2017.10.13"]
[SourceQuality "1"]

1. e4 e5 2. Nf3 Nc6 3. Bc4 Be7 4. d4 d6 5. h3 Nf6 6. Nc3 0-0 7. Be3 Na5 8. Bd3 d5 9. Nxe5 dxe4 10. Nxe4 Nxe4 11. Bxe4 f5 12. Bd3 f4 13. Bd2 Qxd4 14. Nf3 Qb6 15. Bc3 Bf6 16. Bxf6 Qxf6 17. 0-0 Bf5 18. Qd2 Bxd3 19. Qxd3 Nc6 20. c3 Rad8 21. Qc2 Ne5 22. Nd4 f3 23. g3 c5 24. Qb3+ c4 25. Qxb7 Qh6 26. h4 g5 27. Qe4 Rde8 28. Nf5 Qg6 29. Qd5+ Kh8 30. Ne3 gxh4 31. g4 Rf4 32. Kh2 Nxg4+ 33. Kh3 Nxf2+ 0-1

[Event "Roncana op-B 8th"]
[Site "Santa Eulalia de Roncana"]
[Date "2014.11.08"]
[Round "4"]
[White "Alexandry Alexandru, Stefan"]
[Black "Miralles Ferri, Salvador"]
[Result "1/2-1/2"]
[WhiteElo "1841"]
[BlackElo "1700"]
[PlyCount "59"]
[EventDate "2014.10.11"]
[EventType "swiss"]
[EventRounds "8"]
[EventCountry "ESP"]
[SourceTitle "EXT 2016"]
[Source "ChessBase"]
[SourceDate "2015.10.08"]
[SourceVersion "1"]
[SourceVersionDate "2015.10.08"]
[SourceQuality "1"]

1. e4 e5 2. Nf3 Nc6 3. Nc3 Nf6 4. h3 Be7 5. a3 d5 6. exd5 Nxd5 7. Nxd5 Qxd5 8. c4 Qe4+ 9. Qe2 Qxe2+ 10. Bxe2 Nd4 11. Nxd4 exd4 12. Bf3 0-0 13. 0-0 Bf6 14. d3 c6 15. Bf4 Re8 16. Rad1 h6 17. Bg4 Bxg4 18. hxg4 g5 19. Bg3 Re2 20. Rb1 Rae8 21. Rfd1 c5 22. b4 b6 23. bxc5 bxc5 24. Rb5 Re1+ 25. Rxe1 Rxe1+ 26. Kh2 Be5 27. Rxc5 Bxg3+ 28. Kxg3 Ra1 29. Rd5 Rxa3 30. f3 1/2-1/2